| 000 | 03998cgm a2200757Ia 4500 | ||
|---|---|---|---|
| 001 | ocn831824288 | ||
| 003 | OCoLC | ||
| 005 | 20251223113831.0 | ||
| 007 | vd cvaizq | ||
| 008 | 130325p20132012cau671 vleng d | ||
| 020 | _a1415768714 | ||
| 020 | _a9781415768716 | ||
| 024 | 1 | _a097361441641 | |
| 024 | 1 | _a097361441665 | |
| 028 | 4 | 2 |
_a14416 _bParamount |
| 028 | 4 | 2 |
_a14417 _bParamount |
| 035 | _a(OCoLC)831824288 | ||
| 037 |
_bMidwest Tape _nhttp://www.midwesttapes.com |
||
| 040 |
_aTEFMT _cTEFMT _dTEF _dAPL _dTEFMT _dGZD _dJP3 _dIEB _dBDX _dUINTA _eRDA _brda |
||
| 041 | 1 |
_aeng _afre _aspa _heng |
|
| 043 | _an-us-fl | ||
| 049 | _aUCLB | ||
| 050 | 4 |
_aPN1992.77 _b.D498 2013 |
|
| 082 | 0 | 4 |
_a791.45/75 _223 |
| 092 | _a791.457 | ||
| 245 | 0 | 0 | _aDexter. The seventh season |
| 260 |
_aHollywood, Calif. : _bParamount Pictures, _cc2013. |
||
| 264 |
_aHollywood _bParamount. Showtime presents ; produced by John Goldwyn ... (et al.). _c2013 |
||
| 300 |
_a4 videodiscs (671 min.) : _bsd., col. ; _c4 3/4 in. |
||
| 500 | _aTitle from container. | ||
| 500 | _aSpecial features: Ray Donovan (Pilot episode) ; The Borgias: Season 2, Episodes 1& 2 ; Biographies. Plus unlock additional bonus features on your PC via 3-Bridge technology: House of lies: Season 1, episodes 1&2. | ||
| 505 | 0 | _aDisc 1: Are you...? -- Sunshine and frosty swirl -- Buck the system. | |
| 505 | 0 | _aDisc 2: Run -- Swim deep -- Do the wrong thing -- Chemistry. | |
| 505 | 0 | _aDisc 3: Argentina -- Helter skelter -- The dark...whatever -- Do you see what I se? | |
| 505 | 0 | _aDisc 4: Surprise, Motherfucker! | |
| 511 | 1 | _aLauren Velez, James Remar, Michael C. Hall, David Zayas, Desmond Harrington, Jennifer Carpenter, C.S. Lee. | |
| 518 | _aOriginally broadcast as single episodes of a television program 2011-2012. | ||
| 520 | _aDexter is forced to confront his greatest fear, as Debra witnesses his insatiable, ritualistic slaying of a killer. Deb knows the secret of his Dark Passenger, his undeniable thirst for blood, and the Code that their father Harry instilled in him as a young boy. But as Deb tries to reconcile the unfathomable idea that her beloved, mild-mannered brother is Miami's most notorious serial killer, Dexter is still pulled by his impulses to seek out the guilty and exact his brand of vigilante justice. | ||
| 521 | 8 |
_aMPAA rating: MA
Sex and Nudity
Violence _aCHV rating: 18A; for gory scenes, brutal violence and disturbing content. |
|
| 538 | _aDVD, NTSC, region 1, 16:9 aspect ratio; Dolby Digital 5.1 surround (English), Dolby Digital 2.0 surround (Spanish, French). | ||
| 546 | _aEnglish, dubbed French or dubbed Spanish dialogue; closed-captioned. | ||
| 650 | 0 |
_aMorgan, Dexter (Fictitious character) _vDrama. _96490594 |
|
| 650 | 0 |
_aForensic scientists _zFlorida _zMiami _vDrama. _95746363 |
|
| 650 | 0 |
_aCriminal investigation _zFlorida _zMiami _vDrama. _95746357 |
|
| 650 | 0 |
_aSerial murderers _zFlorida _zMiami _vDrama. _96490595 |
|
| 650 | 0 |
_aSerial murders _zFlorida _zMiami _vDrama. _96490596 |
|
| 650 | 0 |
_aCriminals _zFlorida _zMiami _vDrama. _96490598 |
|
| 650 | 0 |
_aVigilantes _zFlorida _zMiami _vDrama. _96490599 |
|
| 655 | 7 |
_aVideo recordings for the hearing impaired. _2lcgft _96252229 |
|
| 655 | 7 |
_aTelevision series. _2lcgft _96252230 |
|
| 655 | 7 |
_aTelevision programs. _2lcgft _96252231 |
|
| 655 | 7 |
_aThrillers (Television programs) _2lcgft _95698785 |
|
| 655 | 7 |
_aDetective and mystery television programs. _2lcgft _96252232 |
|
| 700 | 1 |
_aGoldwyn, John, _d1958- _956539 |
|
| 700 | 1 |
_aVélez, Lauren. _95925120 |
|
| 700 | 1 |
_aRemar, James. _925945 |
|
| 700 | 1 |
_aHall, Michael C., _d1971- _968502 |
|
| 700 | 1 |
_aZayas, David. _974997 |
|
| 700 | 1 |
_aHarrington, Desmond, _d1976- _967426 |
|
| 700 | 1 |
_aCarpenter, Jennifer, _d1979- _95926562 |
|
| 700 | 1 |
_aLee, C. S. _q(Charlie S.), _d1971- _96202537 |
|
| 710 | 2 |
_aParamount Pictures Corporation. _97712 |
|
| 710 | 2 |
_aShowtime Networks. _963052 |
|
| 730 | 0 |
_aDexter (Television program) _96252233 |
|
| 942 |
_cR-VIDEO _2ddc |
||
| 999 |
_c92005 _d92005 |
||